Time to shift the emphasis (Record no. 75894)

MARC details
000 -LEADER
fixed length control field 01710cab a2200253 4500
001 - CONTROL NUMBER
control field L130932
008 - FIXED-LENGTH DATA ELEMENTS--GENERAL INFORMATION
fixed length control field 050919n2005 000 0 eng u
035 ## - SYSTEM CONTROL NUMBER
System control number (Sirsi) u130932
041 0# - LANGUAGE CODE
Language code of text/sound track or separate title eng
100 1# - MAIN ENTRY--PERSONAL NAME
Personal name Owen, Mark
245 ## - TITLE STATEMENT
Title Time to shift the emphasis
260 ## - PUBLICATION, DISTRIBUTION, ETC.
Date of publication, distribution, etc. 2005
490 ## - SERIES STATEMENT
Series statement Estates Gazette
Volume/sequential designation (0536) 10 September 2005, 272-273(2)
520 ## - SUMMARY, ETC.
Summary, etc. Advocates that negotiation of heads of terms should take precedence over the preparation and approval of the draft lease in commercial letting transactions. Revisits the authors' suggestions made just after the publication of the second edition of "A code of practice for commercial leases in England and Wales" (ISBN 1842190989) three years on when government has announced that it is looking to the property industry to undertake a joint review of the code and government will be undertaking a further three-year monitoring exercise. Assesses the principle issues relating to premises, lease term, break right, rent, rent review, repair and insurance, alienation, use, alterations, guarantee and rent deposit.
590 ## - LOCAL NOTE (RLIN)
Local note KA
650 ## - SUBJECT ADDED ENTRY--TOPICAL TERM
Topical term or geographic name entry element LANDLORD AND TENANT ACT 1954
650 ## - SUBJECT ADDED ENTRY--TOPICAL TERM
Topical term or geographic name entry element TOWN AND COUNTRY PLANNING (USE CLASSES) (AMENDMENT)(ENGLAND) ORDER 2005
650 ## - SUBJECT ADDED ENTRY--TOPICAL TERM
Topical term or geographic name entry element CODE FOR LEASING BUSINESS PREMISES IN ENGLAND AND WALES
690 ## - LOCAL SUBJECT ADDED ENTRY--TOPICAL TERM (OCLC, RLIN)
Topical term or geographic name as entry element PROPERTY-COMMERCIAL PROPERTY-LEASEHOLD COMMERCIAL PROPERTY-COMMERCIAL LANDLORD AND TENANT-BUSINESS TENANCIES
700 1# - ADDED ENTRY--PERSONAL NAME
Personal name Martin, John
856 41 - ELECTRONIC LOCATION AND ACCESS
Uniform Resource Identifier <a href="https://www.commercialleasecodeew.co.uk/">https://www.commercialleasecodeew.co.uk/</a>
Public note View the code free of charge at www.commercialleasecodeew.co,uk...
856 41 - ELECTRONIC LOCATION AND ACCESS
Uniform Resource Identifier <a href="https://www.reading.ac.uk/crer/leasefinal.pdf">https://www.reading.ac.uk/crer/leasefinal.pdf</a>
Public note View the final monitoring report at www.reading.ac.uk...
942 ## - ADDED ENTRY ELEMENTS (KOHA)
Suppress in OPAC 0
Holdings
Withdrawn status Lost status Source of classification or shelving scheme Damaged status Not for loan Home library Current library Shelving location Date acquired Total Checkouts Full call number Barcode Date last seen Copy number Price effective from Koha item type
    Dewey Decimal Classification     London London Journal article 19/09/2005   L130932 130932-1001 06/08/2019 1 06/08/2019 Journal article